UM Logo

The influence of socializing agents and teaching context among teachers of different dispositions toward change / (Record no. 21161)

MARC details
000 -LEADER
fixed length control field 01073nam a22002297a 4500
005 - DATE AND TIME OF LATEST TRANSACTION
control field 20260212081530.0
008 - FIXED-LENGTH DATA ELEMENTS--GENERAL INFORMATION
fixed length control field 240902b ||||| |||| 00| 0 eng d
082 ## - DEWEY DECIMAL CLASSIFICATION NUMBER
Classification number DPer 796.07 J826 July-October 2019 January-April 2020 v. 38, 39 n. 3-4, 1-2
100 ## - MAIN ENTRY--PERSONAL NAME
Personal name Kern, Ben D.
Relator term author.
9 (RLIN) 59747
245 ## - TITLE STATEMENT
Title The influence of socializing agents and teaching context among teachers of different dispositions toward change /
Statement of responsibility, etc. Ben D. Kern, Kim C. Graber, Amelia Mays Woods, and Tom Templin.
260 ## - PUBLICATION, DISTRIBUTION, ETC. (IMPRINT)
Place of publication, distribution, etc. Champaign, Illinois ;
Name of publisher, distributor, etc. Human Kinetics, Inc. ,
Date of publication, distribution, etc. July 2019.
300 ## - PHYSICAL DESCRIPTION
Extent Volume 38, pages 252-261 :
Dimensions illustration ;
Other physical details 28 cm.
500 ## - GENERAL NOTE
General note Journal of Teaching in Physical Education, vol. 38, no. 3, pages 252-261, July 2019.
650 #0 - SUBJECT ADDED ENTRY--TOPICAL TERM
Topical term or geographic name as entry element Educational change.
9 (RLIN) 13254
650 #0 - SUBJECT ADDED ENTRY--TOPICAL TERM
Topical term or geographic name as entry element Teacher-student relationship.
9 (RLIN) 48652
650 #0 - SUBJECT ADDED ENTRY--TOPICAL TERM
Topical term or geographic name as entry element Physical activity.
9 (RLIN) 51436
700 ## - ADDED ENTRY--PERSONAL NAME
Personal name Kern, Ben D.
Relator term author.
9 (RLIN) 59747
700 ## - ADDED ENTRY--PERSONAL NAME
Personal name Graber, Kim C.
Relator term author.
9 (RLIN) 59748
700 ## - ADDED ENTRY--PERSONAL NAME
Personal name Woods, Amelia Mays.
Relator term author.
9 (RLIN) 59749
700 ## - ADDED ENTRY--PERSONAL NAME
Personal name Templin, Tom.
Relator term author.
9 (RLIN) 59750
942 ## - ADDED ENTRY ELEMENTS (KOHA)
Source of classification or shelving scheme Dewey Decimal Classification
Koha item type Periodicals
Holdings
Withdrawn status Lost status Source of classification or shelving scheme Damaged status Not for loan Collection code Home library Current library Date acquired Total Checkouts Full call number Date last seen Price effective from Koha item type Public note
    Dewey Decimal Classification     Periodicals UM Digos College - LIC UM Digos College - LIC 09/02/2024   DPer 796.07 J826 July-October 2019 January-April 2020 v. 38, 39 n. 3-4, 1-2 09/02/2024 09/02/2024 Periodicals Periodical Article